| 000 | 00577aam a2200241 4500 | ||
|---|---|---|---|
| 005 | 20240717142845.0 | ||
| 008 | 150504b1998 cr ||||| |||| 00| 0 spa d | ||
| 020 | _a9977649596 | ||
| 041 | _aESP | ||
| 082 | _a583.56 R618ca | ||
| 100 |
_aRivas Rossi, Marta _91517 |
||
| 245 | _aCactáceas de Costa Rica | ||
| 260 | _aCosta Rica | ||
| 260 | _bEUNED | ||
| 260 | _c1998 | ||
| 300 | _a79 páginas | ||
| 505 | _aIncluye ilustraciones y fotografías | ||
| 650 | _aTAXONOMÍA VEGETAL | ||
| 650 | _aCÁCTACEAS | ||
| 650 | _aCOSTA RICA | ||
| 942 |
_cBK _2ddc |
||
| 999 |
_c5109 _d5109 |
||